Vista normal
Vista MARC
Entrada Materia (reunión)
Número de registros utilizados en: 1
001 - CONTROL NUMBER
- control field: 158770
003 - CONTROL NUMBER IDENTIFIER
- control field: Co-BoUCM
005 - DATE AND TIME OF LATEST TRANSACTION
- control field: 20211110120342.0
008 - FIXED-LENGTH DATA ELEMENTS
- fixed length control field: 211110|| aca||aabn | a|a d
040 ## - CATALOGING SOURCE
- Original cataloging agency: Co-BoUCM
- Transcribing agency: Co-BoUCM
111 ## - HEADING--MEETING NAME
- Meeting name or jurisdiction name as entry element: Simposio Internacional de Avalúos [7: 2001 oct. 18: Bogotá ]
670 ## - SOURCE DATA FOUND
- Source citation: Work cat.: (Co-BoUCM)34447: Simposio Internacional de Avalúos [7: 2001 oct. 18: Bogotá ], La ciudad se valoriza con obras públicas Efectos producidos por la generación y recuperación del espacio público y el medio ambiente, 2001